| 000 | 00465nam a22001817a 4500 | ||
|---|---|---|---|
| 999 |
_c533352 _d533352 |
||
| 003 | NUST | ||
| 005 | 20191226132935.0 | ||
| 008 | 191226b ||||| |||| 00| 0 eng d | ||
| 020 | _a978-0812968460 | ||
| 024 | _a0812968468 | ||
| 038 | _aMSOHAIL | ||
| 082 | _a327.73047 | ||
| 100 |
_aStrobe Talbott _927187 |
||
| 245 | _aThe Russia Hand: A Memoir of Presidential Diplomacy | ||
| 260 |
_aNew York _bRandom House _cc2002 |
||
| 300 | _a478;p;xv | ||
| 942 |
_2ddc _cBK |
||